Statistiken für Weltkarte ohne 12 Länder

Klicken Sie hier um das Quiz zu spielen!

Allgemein

  • Dieses Quiz wurde 7,194 mal gespielt
  • Das Durchschnittsergebnis liegt bei 10 aus 12

Antwortstatistiken

Land % Korrekt
Türkei
95%
Japan
93%
Norwegen
90%
Neuseeland
89%
Dänemark
88%
Südkorea
84%
Chile
83%
Madagaskar
82%
Sri Lanka
80%
Bangladesch
66%
Somalia
61%
Zypern
50%

Verteilung der Resultate

Perzentil nach korrekt beantworteten Fragen

Anzahl Personen mit jedem Resultat

Ihre Resultats-Entwicklung

Sie haben dieses Quiz noch nicht gespielt